Social and cultural anthropology: the key concepts

"Social and Cultural Anthropology: the Key Concepts is an easy to use A-Z guide to the central concepts that students are likely to encounter in this field. Now fully updated, this third edition includes entries on: - Material Culture - Environment - Human Rights - Hybridity - Alterity - Cosmop...

Πλήρης περιγραφή

Αποθηκεύτηκε σε:
Λεπτομέρειες βιβλιογραφικής εγγραφής
Κύριος συγγραφέας: Rapport, Nigel 1956-
Μορφή: Βιβλίο
Γλώσσα:English
Δημοσίευση: London ; New York, NY : Routledge, 2014.
Έκδοση:3η έκδ.
Σειρά:Routledge key guides
Θέματα:
Ετικέτες: Προσθήκη ετικέτας
Δεν υπάρχουν, Καταχωρήστε ετικέτα πρώτοι!

MARC

LEADER 00000nam a2200000 a 4500
001 1/107342
008 150710s2014####enk| ||| |||| ||eng||
020 |a 9780415834513  
040 |a GR-MyUa  |b gre  |c GR-MyUa  |e AACR2 
041 0 |a eng 
082 7 |a 306   |2 (23)  
100 1 |a Rapport, Nigel  |d 1956- 
245 1 0 |a Social and cultural anthropology:   |b the key concepts /   |c Nigel Rapport.  
250 |a 3η έκδ.  
260 |a London ;   |a New York, NY :   |b Routledge,   |c 2014.  
300 |a xii, 548 σ. ;   |c 22 εκ.  
490 1 |a (Routledge key guides)  
520 8 |a "Social and Cultural Anthropology: the Key Concepts is an easy to use A-Z guide to the central concepts that students are likely to encounter in this field. Now fully updated, this third edition includes entries on: - Material Culture - Environment - Human Rights - Hybridity - Alterity - Cosmopolitanism - Ethnography - Applied Anthropology - Gender - Cybernetics With full cross-referencing and revised further reading to point students towards the latest writings in Social and Cultural Anthropology, this is a superb reference resource for anyone studying or teaching in this area"-- Από τον εκδότη.  
650 0 |a Ethnology 
830 0 |a Routledge key guides 
852 |a INST  |b LESVOS  |c BK  |e 20150710  |h 306 RAP  |p 005100057049  |q 005100057049  |t BK  |y 0 
922 |a 1ΕΛΗ  |b 2015-04  |c Τμήμα Κοινωνικής Ανθρωπολογίας και Ιστορίας  |d Διαδρομές 
970 |a Τζαφέρη  |b Ευαγγελία  |z 10-07-2015